[Event "POL-chT 1st League"]
[Site "Leba"]
[Date "2023.09.30"]
[Round "8.4"]
[White "Czerw, Dawid"]
[Black "Protaziuk, Grzegorz"]
[Result "1-0"]
[WhiteElo "2400"]
[BlackElo "2340"]
[PlyCount "43"]
[EventDate "2023.09.23"]
[EventType "team-swiss"]
[EventRounds "9"]
[EventCountry "POL"]
[SourceTitle "EXT 2024"]
[Source "ChessBase"]
[SourceDate "2023.10.10"]
[SourceVersion "1"]
[SourceVersionDate "2023.10.10"]
[SourceQuality "1"]
[WhiteTeam "Jastrzebie Zdroj Pionier"]
[BlackTeam "Wrzos Miedzyborow"]
[WhiteTeamCountry "POL"]
[BlackTeamCountry "POL"]

1. e4 c5 2. Nf3 Nc6 3. d4 cxd4 4. Nxd4 e5 5. Nb5 d6 6. N1c3 a6 7. Na3 b5 8. Nd5 Nce7 9. c4 Nxd5 10. exd5 bxc4 11. Nxc4 Nf6 12. Be3 Rb8 13. a4 Be7 14. Be2 0-0 15. 0-0 a5 16. Bd2 Ra8 17. Qe1 Ba6 18. Nxa5 Bxe2 19. Nc6 Qd7 20. Qxe2 Nxd5 21. Qb5 Qe6 22. Qxd5 1-0

[Event "POL-chT 1st League"]
[Site "Leba"]
[Date "2023.09.29"]
[Round "7.3"]
[White "Protaziuk, Grzegorz"]
[Black "Toczek, Grzegorz"]
[Result "1/2-1/2"]
[WhiteElo "2340"]
[BlackElo "2267"]
[PlyCount "78"]
[EventDate "2023.09.23"]
[EventType "team-swiss"]
[EventRounds "9"]
[EventCountry "POL"]
[SourceTitle "EXT 2024"]
[Source "ChessBase"]
[SourceDate "2023.10.10"]
[SourceVersion "1"]
[SourceVersionDate "2023.10.10"]
[SourceQuality "1"]
[WhiteTeam "Wrzos Miedzyborow"]
[BlackTeam "Sedziszow Malopolski"]
[WhiteTeamCountry "POL"]
[BlackTeamCountry "POL"]

1. e4 e5 2. Nf3 Nc6 3. d4 exd4 4. Nxd4 Nf6 5. Nxc6 bxc6 6. e5 Qe7 7. Qe2 Nd5 8. c4 Nb6 9. g3 Qe6 10. b3 Bb4+ 11. Bd2 Bxd2+ 12. Nxd2 0-0 13. f4 d5 14. Bg2 f6 15. 0-0 fxe5 16. fxe5 Rxf1+ 17. Rxf1 Qe7 18. Qe3 Be6 19. cxd5 cxd5 20. Rc1 Rc8 21. Qc5 Qxc5+ 22. Rxc5 c6 23. Nf3 Nd7 24. Rc1 Bg4 25. e6 Nb6 26. Ne5 Bxe6 27. Rxc6 Re8 28. Rd6 Bc8 29. Bxd5+ Nxd5 30. Rxd5 a6 31. Kf2 Bb7 32. Rc5 h6 33. h4 Kh7 34. b4 Rd8 35. Ke3 Rd1 36. Rc7 Bg2 37. Rc3 Re1+ 38. Kf2 Rxe5 39. Kxg2 Re2+ 1/2-1/2

[Event "POL-chT 1st League"]
[Site "Szklarska Poreba"]
[Date "2021.09.10"]
[Round "7.2"]
[White "Kolosowski, Mateusz"]
[Black "Protaziuk, Grzegorz"]
[Result "1-0"]
[WhiteElo "2448"]
[BlackElo "2333"]
[PlyCount "59"]
[EventDate "2021.09.04"]
[EventType "team-swiss"]
[EventRounds "9"]
[EventCountry "POL"]
[SourceTitle "CBM 204 Extra"]
[Source "ChessBase"]
[SourceDate "2021.11.30"]
[SourceVersion "1"]
[SourceVersionDate "2021.11.30"]
[SourceQuality "1"]
[WhiteTeam "Kopernik WKS"]
[BlackTeam "Wrzos Miedzyborow"]
[WhiteTeamCountry "POL"]
[BlackTeamCountry "POL"]

1. e4 c5 2. Nc3 e6 3. Nge2 a6 4. g3 b5 5. Bg2 Bb7 6. d4 cxd4 7. Nxd4 Nc6 8. 0-0 Bc5 9. Nb3 Be7 10. f4 d6 11. Be3 Nf6 12. a3 0-0 13. Qe2 Qc7 14. g4 Rfe8 15. g5 Nd7 16. Qf2 Bf8 17. h4 Rac8 18. Ne2 Ne7 19. Nbd4 e5 20. fxe5 Nxe5 21. Nc3 Qd7 22. Rad1 Qg4 23. Bf4 N7g6 24. Bg3 Rc7 25. Nf5 Nc4 26. Nd5 Bxd5 27. Rxd5 Nge5 28. c3 h6 29. b3 Nb6 30. Qxb6 1-0

[Event "POL-ch blitz"]
[Site "Chorzow"]
[Date "2019.04.12"]
[Round "3"]
[White "Protaziuk, Grzegorz"]
[Black "Socko, Bartosz"]
[Result "0-1"]
[WhiteElo "2334"]
[BlackElo "2627"]
[PlyCount "188"]
[EventDate "2019.04.12"]
[EventType "swiss (blitz)"]
[EventRounds "15"]
[EventCountry "POL"]
[SourceTitle "CBM 189 Extra"]
[Source "ChessBase"]
[SourceDate "2019.06.03"]
[SourceVersion "1"]
[SourceVersionDate "2019.06.03"]
[SourceQuality "1"]

1. d4 Nf6 2. Nf3 e6 3. Bf4 d5 4. e3 Bd6 5. Bxd6 Qxd6 6. c4 0-0 7. Nc3 b6 8. Bd3 dxc4 9. Bxc4 Bb7 10. 0-0 Nbd7 11. Rc1 a6 12. Re1 c5 13. dxc5 Qxd1 14. Rexd1 Nxc5 15. Ne5 Rfd8 16. Be2 Kf8 17. b4 Ncd7 18. Nxd7+ Rxd7 19. Na4 Rxd1+ 20. Rxd1 b5 21. Nc5 Bd5 22. a3 Ke7 23. f3 Bc6 24. e4 e5 25. Kf2 a5 26. bxa5 Rxa5 27. Rd3 Ne8 28. Rb3 Nd6 29. Nd3 f6 30. Nb4 Bb7 31. Rc3 Kd7 32. Bd3 g5 33. g3 h6 34. Be2 Bxe4 35. Rc5 Rxa3 36. Bxb5+ Nxb5 37. fxe4 Nd4 38. Nd5 f5 39. Rc3 Ra2+ 40. Ke3 f4+ 41. gxf4 gxf4+ 42. Nxf4 Nc2+ 43. Kd3 Ne1+ 44. Ke3 exf4+ 45. Kxf4 Rxh2 46. Rg3 Ke6 47. Kg4 Ke5 48. Rg1 Nd3 49. Kg3 Ra2 50. Rh1 Ra6 51. Kf3 Rf6+ 52. Ke3 Nf4 53. Rg1 Ra6 54. Rb1 Ra3+ 55. Kf2 Kxe4 56. Rb4+ Kf5 57. Rb5+ Kg4 58. Rb2 h5 59. Kg1 Rg3+ 60. Kh1 Rh3+ 61. Kg1 h4 62. Rb4 Rc3 63. Rb8 Kh3 64. Rf8 Ne2+ 65. Kf2 Ng3 66. Rh8 Rc2+ 67. Kf3 Rc5 68. Kf4 Rf5+ 69. Ke3 Kg4 70. Rg8+ Rg5 71. Ra8 Re5+ 72. Kf2 Re2+ 73. Kg1 Kh3 74. Ra2 Re1+ 75. Kf2 Rf1+ 76. Ke3 Rf7 77. Ra4 Nf1+ 78. Ke2 Ng3+ 79. Ke3 Rf8 80. Rb4 Nf5+ 81. Kf2 Rg8 82. Rf4 Ng3 83. Ra4 Rb8 84. Rc4 Rb1 85. Ra4 Rf1+ 86. Ke3 Rf6 87. Rb4 Rf7 88. Ra4 Nh5 89. Ra2 Kg3 90. Ra5 Re7+ 91. Kd2 Nf6 92. Rf5 Ng4 93. Ra5 h3 94. Ra3+ Kg2 0-1

[Event "POL-chT"]
[Site "Poland"]
[Date "2018.09.14"]
[Round "4.4"]
[White "Wojtaszek, Radoslaw"]
[Black "Protaziuk, Grzegorz"]
[Result "1-0"]
[WhiteElo "2730"]
[BlackElo "2334"]
[PlyCount "77"]
[EventDate "2018.06.08"]
[EventType "team-tourn"]
[EventRounds "9"]
[EventCountry "POL"]
[SourceTitle "EXT 2019"]
[Source "ChessBase"]
[SourceDate "2018.10.10"]
[SourceVersion "1"]
[SourceVersionDate "2018.10.10"]
[SourceQuality "1"]
[WhiteTeam "Katowice Wasko"]
[BlackTeam "Miedzyborow Wrzos"]
[WhiteTeamCountry "POL"]
[BlackTeamCountry "POL"]

1. d4 Nf6 2. c4 g6 3. g3 c6 4. Bg2 d5 5. Qa4 Bg7 6. cxd5 Nxd5 7. Nf3 Nb6 8. Qc2 Bg4 9. Nbd2 0-0 10. 0-0 N8d7 11. Rd1 Qc8 12. h3 Bxf3 13. Nxf3 e5 14. e4 Re8 15. Be3 exd4 16. Nxd4 Nf8 17. a4 Ne6 18. Ne2 Nc7 19. a5 Nd7 20. f4 Nf6 21. Bf2 Na6 22. Nc3 Bf8 23. e5 Nb4 24. Qb3 Nfd5 25. Kh2 Rd8 26. Ne4 b6 27. Qf3 Qc7 28. axb6 axb6 29. Rac1 Rab8 30. g4 Bg7 31. Bg3 Qe7 32. Re1 Nc7 33. Nd6 Ne6 34. f5 Nd4 35. Qe4 Rxd6 36. exd6 Qxe4 37. Rxe4 Rd8 38. Rce1 Kf8 39. d7 1-0

[Event "POL-ch Academic"]
[Site "Katowice"]
[Date "2018.02.03"]
[Round "8"]
[White "Lewtak, Dominik"]
[Black "Protaziuk, Grzegorz"]
[Result "0-1"]
[WhiteElo "2164"]
[BlackElo "2334"]
[PlyCount "66"]
[EventDate "2018.02.02"]
[EventType "swiss (rapid)"]
[EventRounds "9"]
[EventCountry "POL"]
[SourceTitle "CBM 182 Extra"]
[Source "ChessBase"]
[SourceDate "2018.02.23"]
[SourceVersion "1"]
[SourceVersionDate "2018.02.23"]
[SourceQuality "1"]

1. e4 c5 2. c3 d5 3. exd5 Qxd5 4. d4 e6 5. Nf3 Nf6 6. Be2 Nc6 7. 0-0 cxd4 8. cxd4 Be7 9. Nc3 Qd6 10. Nb5 Qd8 11. Bf4 Nd5 12. Bg3 a6 13. Nc3 0-0 14. Rc1 Nf6 15. Qa4 Bd7 16. Qb3 b5 17. Rfd1 Nb4 18. Ne5 Nbd5 19. Bf3 Rc8 20. Nxd5 Nxd5 21. Bxd5 exd5 22. Qxd5 Rxc1 23. Rxc1 Be6 24. Qxd8 Bxd8 25. b3 Bb6 26. Nc6 Re8 27. Rd1 Bd5 28. Nb4 Bb7 29. d5 Rd8 30. d6 f6 31. Rc1 Kf7 32. Nxa6 Bxa6 33. Rc6 Ra8 0-1

[Event "POL-ch Academic"]
[Site "Katowice"]
[Date "2018.02.03"]
[Round "9"]
[White "Protaziuk, Grzegorz"]
[Black "Piesik, Piotr"]
[Result "1-0"]
[WhiteElo "2334"]
[BlackElo "2380"]
[PlyCount "99"]
[EventDate "2018.02.02"]
[EventType "swiss (rapid)"]
[EventRounds "9"]
[EventCountry "POL"]
[SourceTitle "CBM 182 Extra"]
[Source "ChessBase"]
[SourceDate "2018.02.23"]
[SourceVersion "1"]
[SourceVersionDate "2018.02.23"]
[SourceQuality "1"]

1. d4 Nf6 2. Nf3 g6 3. Bf4 Bg7 4. e3 0-0 5. Be2 d6 6. h3 Nbd7 7. 0-0 Qe8 8. c4 e5 9. Bh2 Qe7 10. Nc3 Re8 11. Re1 e4 12. Nd2 Nf8 13. Rc1 h5 14. Nd5 Qd8 15. Nxf6+ Bxf6 16. Qc2 Qe7 17. Qb3 c5 18. dxc5 dxc5 19. Nb1 Be5 20. Bxe5 Qxe5 21. Nc3 b6 22. Nd5 Be6 23. Rcd1 Rad8 24. Ne7+ Kh7 25. Rxd8 Rxd8 26. Nc6 Qf6 27. Nxd8 Qxd8 28. Qc3 Qg5 29. Kf1 Nd7 30. Rd1 Ne5 31. b3 h4 32. Qd2 Bxh3 33. gxh3 Nf3 34. Bxf3 exf3 35. Qd7 Qg2+ 36. Ke1 Qg1+ 37. Kd2 Qxf2+ 38. Kc1 Qxe3+ 39. Qd2 Qe5 40. Kb1 Qf5+ 41. Qd3 Qxh3 42. Rf1 f5 43. Rxf3 Qh1+ 44. Rf1 Qg2 45. Re1 Kh6 46. Qe3+ Qg5 47. Qe8 Qg3 48. Re6 h3 49. Qh8+ Kg5 50. Rxg6+ 1-0

[Event "POL-chT"]
[Site "Poland"]
[Date "2016.10.09"]
[Round "9.5"]
[White "Grabarczyk, Miroslaw"]
[Black "Protaziuk, Grzegorz"]
[Result "1-0"]
[WhiteElo "2445"]
[BlackElo "2344"]
[PlyCount "125"]
[EventDate "2016.06.24"]
[EventType "team-tourn"]
[EventRounds "9"]
[EventCountry "POL"]
[SourceTitle "EXT 2017"]
[Source "ChessBase"]
[SourceDate "2016.10.25"]
[SourceVersion "1"]
[SourceVersionDate "2016.10.25"]
[SourceQuality "1"]
[WhiteTeam "Znin Baszta"]
[BlackTeam "Miedzyborow Wrzos"]
[WhiteTeamCountry "POL"]
[BlackTeamCountry "POL"]

1. d4 Nf6 2. c4 c5 3. d5 b5 4. cxb5 a6 5. bxa6 Bxa6 6. Nc3 g6 7. Nf3 d6 8. g3 Bg7 9. Bg2 0-0 10. 0-0 Nbd7 11. Rb1 Nb6 12. b3 Bb7 13. Nh4 Nfd7 14. Qd2 Bxc3 15. Qxc3 Nf6 16. Bh6 Re8 17. e4 Rxa2 18. Nf3 Nbd7 19. Ra1 Rxa1 20. Rxa1 Qb6 21. h3 Ra8 22. Rxa8+ Bxa8 23. Nd2 Qa7 24. Nc4 Qa2 25. g4 Qb1+ 26. Kh2 Qa2 27. Kg3 Qa6 28. Kh2 Qa2 29. Kg3 Qa6 30. b4 Qb7 31. bxc5 Nxc5 32. Kh2 Qc7 33. e5 Ne8 34. exd6 exd6 35. Qe3 Qd8 36. Bf4 Na6 37. Bg5 f6 38. Bf4 Nac7 39. Qb6 Qd7 40. Qa7 Qd8 41. Qa5 Bb7 42. Qb6 Qa8 43. Qe3 Qd8 44. Na5 Ba8 45. Nc6 Qd7 46. Qa7 Bxc6 47. dxc6 Qe6 48. Qb8 Kf8 49. Qd8 g5 50. Bg3 Qe7 51. Qd7 Ne6 52. Be4 Nc5 53. Qxe7+ Kxe7 54. Bxh7 Nc7 55. Kg2 Nb5 56. f4 Na7 57. c7 Kd7 58. h4 Kxc7 59. fxg5 fxg5 60. h5 Kd7 61. h6 Ke7 62. Bxd6+ Kxd6 63. Bf5 1-0

[Event "POL-chT"]
[Site "Poland"]
[Date "2016.10.07"]
[Round "7.5"]
[White "Brodowski, Piotr"]
[Black "Protaziuk, Grzegorz"]
[Result "1-0"]
[WhiteElo "2453"]
[BlackElo "2344"]
[PlyCount "87"]
[EventDate "2016.06.24"]
[EventType "team-tourn"]
[EventRounds "9"]
[EventCountry "POL"]
[SourceTitle "EXT 2017"]
[Source "ChessBase"]
[SourceDate "2016.10.25"]
[SourceVersion "1"]
[SourceVersionDate "2016.10.25"]
[SourceQuality "1"]
[WhiteTeam "Wisznia Mala"]
[BlackTeam "Miedzyborow Wrzos"]
[WhiteTeamCountry "POL"]
[BlackTeamCountry "POL"]

1. e4 c5 2. Nf3 Nc6 3. d4 cxd4 4. Nxd4 e5 5. Nb5 d6 6. c4 Be7 7. N1c3 a6 8. Na3 Be6 9. Be2 Bg5 10. Be3 Bxe3 11. fxe3 Nf6 12. 0-0 0-0 13. Qd2 Qa5 14. Rfd1 Rfd8 15. Rac1 Qc5 16. Bf3 Qa5 17. Qe2 Rac8 18. g4 Nb4 19. g5 Ne8 20. Qd2 Rc5 21. Be2 Rdc8 22. h4 Kf8 23. Kf2 R5c7 24. Kg3 Qc5 25. Nd5 Nxa2 26. b4 Nxb4 27. Nxb4 Qa5 28. Ra1 Qb6 29. Rdb1 Qc5 30. Rc1 f6 31. Rf1 Kg8 32. Nd5 Rf7 33. Qb4 Bxd5 34. Qxc5 Rxc5 35. cxd5 Rc3 36. Bg4 Rfc7 37. Kf3 fxg5 38. Be6+ Kf8 39. Ke2+ Ke7 40. hxg5 b5 41. Nxb5 axb5 42. Rf7+ Kd8 43. Ra8+ Rc8 44. Rd7# 1-0

[Event "POL-chT"]
[Site "Poland"]
[Date "2016.09.24"]
[Round "5.3"]
[White "Protaziuk, Grzegorz"]
[Black "Dobrowolski, Piotr"]
[Result "1/2-1/2"]
[WhiteElo "2344"]
[BlackElo "2433"]
[PlyCount "80"]
[EventDate "2016.06.24"]
[EventType "team-tourn"]
[EventRounds "9"]
[EventCountry "POL"]
[SourceTitle "EXT 2017"]
[Source "ChessBase"]
[SourceDate "2016.10.25"]
[SourceVersion "1"]
[SourceVersionDate "2016.10.25"]
[SourceQuality "1"]
[WhiteTeam "Miedzyborow Wrzos"]
[BlackTeam "Wroclaw Polonia"]
[WhiteTeamCountry "POL"]
[BlackTeamCountry "POL"]

1. e4 c5 2. Nf3 Nc6 3. d4 cxd4 4. Nxd4 Nf6 5. Nc3 d6 6. Bc4 e5 7. Nde2 Be7 8. Bg5 0-0 9. Bxf6 Bxf6 10. 0-0 Be6 11. Bb3 Rc8 12. Nd5 Bg5 13. c3 Na5 14. Qd3 a6 15. Kh1 Kh8 16. f4 exf4 17. Nexf4 Bxf4 18. Rxf4 Nc6 19. Ne3 Ne5 20. Qd4 Qe7 21. Raf1 Rfe8 22. Nf5 Bxf5 23. exf5 Qf6 24. Qb6 Nd3 25. R4f3 Nc5 26. Bd5 Re7 27. Qb4 Kg8 28. Kg1 Rce8 29. Qd4 Ne4 30. Re3 Qxd4 31. cxd4 Nf6 32. Rxe7 Rxe7 33. Bf3 Rc7 34. Re1 Kf8 35. Re2 b6 36. Kf2 a5 37. h3 h6 38. Rd2 Ke7 39. Ke3 d5 40. Kd3 Kd6 1/2-1/2

[Event "POL-chT 1st League"]
[Site "Jastrzebia Gora"]
[Date "2015.09.13"]
[Round "9.28"]
[White "Raszka, Janusz"]
[Black "Protaziuk, Grzegorz"]
[Result "1/2-1/2"]
[WhiteElo "2119"]
[BlackElo "2349"]
[PlyCount "93"]
[EventDate "2015.09.05"]
[EventType "team-tourn"]
[EventRounds "9"]
[EventCountry "POL"]
[SourceTitle "EXT 2016"]
[Source "ChessBase"]
[SourceDate "2015.10.08"]
[SourceVersion "1"]
[SourceVersionDate "2015.10.08"]
[SourceQuality "1"]
[WhiteTeam "Pawlowice Gminy"]
[BlackTeam "Miedzyborow Wrzos"]
[WhiteTeamCountry "POL"]
[BlackTeamCountry "POL"]

1. e4 c5 2. Nf3 e6 3. d4 cxd4 4. Nxd4 a6 5. Nc3 b5 6. Bd3 Qc7 7. 0-0 Nf6 8. Bg5 Be7 9. Bh4 d6 10. a3 Nbd7 11. Kh1 Bb7 12. f4 Nc5 13. Qe2 Nfxe4 14. Bxe4 Nxe4 15. Nxe4 Bxh4 16. Nxd6+ Qxd6 17. Nf5 Qd8 18. Rad1 Bd5 19. Nxh4 0-0 20. Nf3 Qc7 21. Qd2 Rac8 22. c3 Bb3 23. Rc1 Rfd8 24. Qe3 Qb7 25. Nd4 Bd5 26. Rf2 g6 27. Re1 a5 28. f5 exf5 29. Nxf5 Be6 30. Nd4 Bc4 31. Qg5 Re8 32. Re5 Rxe5 33. Qxe5 Qd7 34. h3 Re8 35. Qf4 Re1+ 36. Kh2 Qe8 37. Rd2 Re4 38. Qc7 a4 39. Nf5 gxf5 40. Rd8 Kg7 41. Rxe8 Rxe8 42. Qg3+ Kf6 43. Qh4+ Kg6 44. Qg3+ Kf6 45. Qh4+ Kg6 46. Qg3+ Kf6 47. Qh4+ 1/2-1/2

[Event "POL-chT 1st League"]
[Site "Jastrzebia Gora"]
[Date "2015.09.10"]
[Round "6.10"]
[White "Bartel, Michal"]
[Black "Protaziuk, Grzegorz"]
[Result "1/2-1/2"]
[WhiteElo "2327"]
[BlackElo "2349"]
[PlyCount "73"]
[EventDate "2015.09.05"]
[EventType "team-tourn"]
[EventRounds "9"]
[EventCountry "POL"]
[SourceTitle "EXT 2016"]
[Source "ChessBase"]
[SourceDate "2015.10.08"]
[SourceVersion "1"]
[SourceVersionDate "2015.10.08"]
[SourceQuality "1"]
[WhiteTeam "Pultusk Nadnarwianka"]
[BlackTeam "Miedzyborow Wrzos"]
[WhiteTeamCountry "POL"]
[BlackTeamCountry "POL"]

1. e4 c5 2. Nf3 e6 3. g3 Nc6 4. Bg2 g6 5. d4 cxd4 6. Nxd4 e5 7. Nb5 d6 8. c4 Be6 9. b3 a6 10. N5c3 Nd4 11. Be3 Bg7 12. 0-0 Ne7 13. Nd5 Rc8 14. Nbc3 Bxd5 15. Nxd5 Nxd5 16. exd5 0-0 17. Bh3 Rc7 18. Re1 Qf6 19. Bxd4 exd4 20. Qd3 Re7 21. Re4 Rfe8 22. Rae1 b6 23. Kf1 Rxe4 24. Rxe4 Rxe4 25. Qxe4 Qe5 26. Qxe5 Bxe5 27. Ke2 a5 28. Kd3 Kf8 29. Bd7 Ke7 30. Bc6 Bg7 31. Ke4 Bh8 32. Bb5 Bg7 33. Bc6 Bh8 34. Bb5 Bg7 35. Bc6 Bh8 36. Bb5 Bg7 37. Bc6 1/2-1/2

[Event "POL-chT 1st League"]
[Site "Jastrzebia Gora"]
[Date "2015.09.06"]
[Round "2.23"]
[White "Protaziuk, Grzegorz"]
[Black "Kanicki, Krzysztof"]
[Result "1/2-1/2"]
[WhiteElo "2349"]
[BlackElo "2172"]
[PlyCount "145"]
[EventDate "2015.09.05"]
[EventType "team-tourn"]
[EventRounds "9"]
[EventCountry "POL"]
[SourceTitle "EXT 2016"]
[Source "ChessBase"]
[SourceDate "2015.10.08"]
[SourceVersion "1"]
[SourceVersionDate "2015.10.08"]
[SourceQuality "1"]
[WhiteTeam "Miedzyborow Wrzos"]
[BlackTeam "Legnica Miedz"]
[WhiteTeamCountry "POL"]
[BlackTeamCountry "POL"]

1. c4 c6 2. e4 d5 3. exd5 cxd5 4. cxd5 Nf6 5. Qa4+ Nbd7 6. Nc3 g6 7. Bc4 Bg7 8. d3 0-0 9. Nf3 a6 10. Qa3 b6 11. 0-0 Bb7 12. Be3 b5 13. Bb3 Nb6 14. Bxb6 Qxb6 15. Qxe7 Rad8 16. Qe3 Qxe3 17. fxe3 Nxd5 18. Nxd5 Bxd5 19. Bxd5 Rxd5 20. d4 f5 21. Rac1 f4 22. e4 Bxd4+ 23. Kh1 Rdd8 24. b3 Rfe8 25. Rc6 a5 26. Ng5 Rc8 27. Ra6 Bc3 28. Ra7 h6 29. Nf7 Bg7 30. Nd6 Ra8 31. Rxa8 Rxa8 32. Nxb5 Rd8 33. Kg1 Rd2 34. Rxf4 Rxa2 35. Rf2 Ra1+ 36. Rf1 Ra2 37. Re1 a4 38. bxa4 Rxa4 39. Nd6 Be5 40. Nc8 Kf7 41. Kf1 Bxh2 42. Nb6 Rd4 43. Kf2 Bd6 44. Kf3 Ke6 45. Rc1 Rd3+ 46. Ke2 Bf4 47. Rc4 Rd2+ 48. Kf3 Be5 49. Nd5 Ra2 50. Rc6+ Kf7 51. Nb4 Ra3+ 52. Ke2 Ra7 53. Nd3 Re7 54. Kf3 Bf6 55. Nf4 Ra7 56. Nd3 Ra3 57. Ke2 Ra2+ 58. Kf3 Ra3 59. Ke3 h5 60. Rc5 Ke6 61. Rc6+ Kf7 62. Rd6 Ke7 63. Rd5 Ke6 64. Kf4 g5+ 65. Ke3 Kf7 66. e5 Be7 67. Ke4 Ke6 68. Rb5 Ra4+ 69. Ke3 Ra2 70. Rb6+ Kf5 71. Rb7 Ke6 72. Rb6+ Kf5 73. Rb7 1/2-1/2

[Event "POL-chT 2nd League"]
[Site "Szczyrk"]
[Date "2014.09.09"]
[Round "4.15"]
[White "Protaziuk, Grzegorz"]
[Black "Krzyzanowski, Marcin"]
[Result "1/2-1/2"]
[WhiteElo "2367"]
[BlackElo "2347"]
[PlyCount "83"]
[EventDate "2014.09.06"]
[EventType "team-swiss"]
[EventRounds "9"]
[EventCountry "POL"]
[SourceTitle "EXT 2015"]
[Source "ChessBase"]
[SourceDate "2014.11.20"]
[SourceVersion "1"]
[SourceVersionDate "2014.11.20"]
[SourceQuality "1"]
[WhiteTeam "Miedzyborow Wrzos"]
[BlackTeam "Wisznia Mala OKSiR"]
[WhiteTeamCountry "POL"]
[BlackTeamCountry "POL"]

1. Nf3 Nf6 2. g3 g6 3. Bg2 Bg7 4. 0-0 0-0 5. d3 d6 6. c4 e5 7. Nc3 Re8 8. Nd2 c6 9. Nde4 Nxe4 10. dxe4 a6 11. a4 a5 12. b3 Na6 13. Ba3 Bf8 14. Qd2 Nc5 15. Bxc5 dxc5 16. Qe3 Be6 17. Rad1 Qb6 18. Nb1 Rad8 19. Na3 Rxd1 20. Rxd1 Rd8 21. Rxd8 Qxd8 22. Qd3 Qxd3 23. exd3 Bh6 24. Nc2 Kf8 25. h4 Ke7 26. Kh2 Bg4 27. f3 Bd7 28. Bh3 Be8 29. Kg2 Kd6 30. Kf2 Bc1 31. Ne1 f6 32. Ng2 Ke7 33. Bg4 Kd6 34. Ke2 b6 35. Kd1 Bb2 36. Ne3 Bd4 37. Nf1 Ke7 38. Ke2 Kd6 39. Bh3 Bb2 40. Kd2 Bd4 41. Ke2 Bb2 42. Kd2 1/2-1/2

[Event "POL-chT1"]
[Site "Szklarska Poreba"]
[Date "2013.09.10"]
[Round "4"]
[White "Tworzydlo, Piotr"]
[Black "Protaziuk, Grzegorz"]
[Result "1/2-1/2"]
[WhiteElo "2153"]
[BlackElo "2371"]
[PlyCount "124"]
[EventDate "2013.09.07"]
[EventType "team-tourn"]
[EventRounds "9"]
[EventCountry "POL"]
[SourceTitle "EXT 2015"]
[Source "ChessBase"]
[SourceDate "2014.11.20"]
[SourceVersion "1"]
[SourceVersionDate "2014.11.20"]
[SourceQuality "1"]
[WhiteTeam "Gant Hetman"]
[BlackTeam "Miedzyborow Wrzos"]
[WhiteTeamCountry "POL"]
[BlackTeamCountry "POL"]

1. e4 d5 2. exd5 Qxd5 3. Nf3 Nf6 4. d4 Bg4 5. Nbd2 Nc6 6. c3 e5 7. Bc4 Bxf3 8. Bxd5 Bxd1 9. Bxc6+ bxc6 10. Kxd1 exd4 11. Re1+ Kd7 12. Nc4 Bd6 13. cxd4 Rae8 14. h3 Rxe1+ 15. Kxe1 Re8+ 16. Be3 Nd5 17. Kd2 f5 18. Kd3 Nb4+ 19. Kc3 f4 20. Bd2 Re2 21. Rf1 Re6 22. a3 Nd5+ 23. Kd3 Rg6 24. Rg1 Ke6 25. Ke4 Nf6+ 26. Kf3 Nh5 27. Rc1 Kd5 28. Na5 Nf6 29. Nxc6 Ne4 30. Nb4+ Kxd4 31. Be1 Ng5+ 32. Ke2 f3+ 33. gxf3 Re6+ 34. Kf1 Nxf3 35. Nc2+ Kd3 36. Ne3 Nh2+ 37. Kg1 Ke2 38. Ng2 Nf3+ 39. Kh1 Rg6 40. Bb4 Bxb4 41. axb4 Kxf2 42. Rc2+ Kg3 43. Rc3 Rh6 44. h4 g5 45. b5 Rd6 46. Ne3 Kf4 47. hxg5 Rd2 48. Nf1 Rf2 49. Rxc7 Rxf1+ 50. Kg2 Rg1+ 51. Kf2 Rb1 52. Rc4+ Kxg5 53. Kxf3 Rxb2 54. Rc5+ Kg6 55. Rc6+ Kf5 56. Rh6 Rb3+ 57. Ke2 Ke4 58. Rh4+ Kd5 59. Rxh7 Ra3 60. Rc7 Kd6 61. Rc6+ Kd7 62. Ra6 Rxa6 1/2-1/2

[Event "POL-chT"]
[Site "Warsaw"]
[Date "2012.09.30"]
[Round "9.2"]
[White "Protaziuk, Grzegorz"]
[Black "Piorun, Kacper"]
[Result "1/2-1/2"]
[WhiteElo "2378"]
[BlackElo "2488"]
[PlyCount "64"]
[EventDate "2012.05.04"]
[EventType "team-tourn"]
[EventRounds "9"]
[EventCountry "POL"]
[SourceTitle "EXT 2013"]
[Source "ChessBase"]
[SourceDate "2012.11.22"]
[SourceVersion "1"]
[SourceVersionDate "2012.11.22"]
[SourceQuality "1"]
[WhiteTeam "Miedzyborow Wrzos"]
[BlackTeam "Gorzow Wielkopolski Stilon"]
[WhiteTeamCountry "POL"]
[BlackTeamCountry "POL"]

1. e4 c5 2. Nf3 Nc6 3. Nc3 d6 4. d4 cxd4 5. Nxd4 Nf6 6. Bc4 e6 7. Be3 Be7 8. Qe2 Qc7 9. 0-0-0 a6 10. Bb3 Na5 11. g4 Nxb3+ 12. axb3 b5 13. g5 Nd7 14. h4 Bb7 15. f3 b4 16. Na4 Qa5 17. Kb1 g6 18. Qd2 d5 19. f4 0-0-0 20. e5 Kb8 21. h5 Nc5 22. Nxc5 Bxc5 23. Rh3 Qb6 24. Rdh1 Rhe8 25. hxg6 hxg6 26. Rh7 Re7 27. Rg7 Rc8 28. Rhh7 Rcc7 29. Rg8+ Rc8 30. Rgg7 Rcc7 31. Rg8+ Rc8 32. Rgg7 Rcc7 1/2-1/2

[Event "POL-chT"]
[Site "Warsaw"]
[Date "2012.05.04"]
[Round "1.5"]
[White "Jakubowski, Krzysztof"]
[Black "Protaziuk, Grzegorz"]
[Result "1/2-1/2"]
[WhiteElo "2525"]
[BlackElo "2378"]
[PlyCount "80"]
[EventDate "2012.05.04"]
[EventType "team-tourn"]
[EventRounds "9"]
[EventCountry "POL"]
[SourceTitle "CBM 148 Extra"]
[Source "ChessBase"]
[SourceDate "2012.06.22"]
[SourceVersion "1"]
[SourceVersionDate "2012.06.22"]
[SourceQuality "1"]
[WhiteTeam "Ostroda"]
[BlackTeam "Miedzyborow Wrzos"]
[WhiteTeamCountry "POL"]
[BlackTeamCountry "POL"]

1. d4 Nf6 2. c4 c5 3. d5 b5 4. Qc2 bxc4 5. e4 d6 6. Nc3 g6 7. Nf3 Bg7 8. Nd2 0-0 9. Nxc4 Ba6 10. Bd3 Nfd7 11. b3 Nb6 12. Rb1 N8d7 13. f4 Rb8 14. Bd2 Nxc4 15. bxc4 Rxb1+ 16. Qxb1 Nb6 17. Qb3 Qc7 18. 0-0 Rb8 19. Rb1 Nd7 20. Qa4 Rxb1+ 21. Bxb1 Qc8 22. Bd3 Nb6 23. Qb3 Bd4+ 24. Kh1 Bxc3 25. Qxc3 Qg4 26. h3 Qd1+ 27. Kh2 Bxc4 28. e5 Bxd3 29. exd6 exd6 30. Qxd3 Nc4 31. Qxc4 Qxd2 32. f5 gxf5 33. Qh4 f6 34. Qg3+ Kf7 35. Qxd6 Qd4 36. Qe6+ Kf8 37. Qd6+ Kf7 38. Qe6+ Kf8 39. Qc8+ Kf7 40. Qc7+ Kg6 1/2-1/2